| 000 | 01033nam a22001817a 4500 | ||
|---|---|---|---|
| 999 |
_c64179 _d64179 |
||
| 003 | Ge_BSU | ||
| 005 | 20260427104201.0 | ||
| 008 | 260427s1977 ge ||||| |||| 00| 0 geo d | ||
| 041 | _ageo | ||
| 080 | _a338(479.22) მ-54 | ||
| 100 |
_aმელქაძე, ვალერიან _926759 |
||
| 245 |
_aსაქართველოს ეკონომიკის პრობლემები მეათე ხუთწლედში : _bსკკპ XXV ყრილობა საქართველოს მეათე ხუთწლედში / _cვ. მელქაძე. |
||
| 264 |
_aთბ. : _bსაბჭ. საქართველო, _c1977. |
||
| 300 |
_a123 გვ. ; _b20 სმ. |
||
| 653 | _aსაქართველოს ეკონომიკა | ||
| 653 | _aსაქართველოს სახალხო მეურნეობის განვითარების ხუთწლიანი გეგმა, 1976-1980 წ.წ. | ||
| 942 |
_2udc _cᲬᲘᲒᲜᲘ |
||